| 000 | 00581nai a2200181Ia 4500 | ||
|---|---|---|---|
| 003 | IN-BaIIA | ||
| 008 | 211028c9999 xx s 000 0 eng d | ||
| 022 | _a0003-8504 (Print) | ||
| 022 | _a1554-2769 (Online) | ||
| 040 | _cIIA Library | ||
| 245 | 0 |
_aArchitectural Design _h[eJournal] |
|
| 260 |
_aNew Jersey _bJohn Wiley & Sons |
||
| 310 | _aBimonthly | ||
| 362 | _a75(1); 2005 - Present | ||
| 521 | _bSubscribed through National Knowledge Resource Consortium (NKRC) | ||
| 856 |
_uhttps://onlinelibrary.wiley.com/journal/15542769 _yClick Here to Access eJournal |
||
| 942 | _cEJ | ||
| 999 |
_c34035 _d34035 |
||